header

Medieval warfare (Record no. 73051)

MARC details
000 -LEADER
fixed length control field 01445nam a22003494a 4500
082 04 - DEWEY DECIMAL CLASSIFICATION NUMBER
Classification number 355/.0094/0902
100 1# - MAIN ENTRY--AUTHOR NAME
Personal name Nicholson, Helen J.,
245 10 - TITLE STATEMENT
Title Medieval warfare
260 ## - PUBLICATION, DISTRIBUTION, ETC. (IMPRINT)
Place of publication Houndmills, Basingstoke, Hampshire ;
-- New York :
Name of publisher Palgrave Macmillan,
Year of publication 2004.
300 ## - PHYSICAL DESCRIPTION
Number of Pages ix, 231 p. :
Other physical details ill.
650 #0 - SUBJECT ADDED ENTRY--TOPICAL TERM
Topical Term Military history, Medieval.
Topical Term Military art and science
Topical Term Military weapons
Topical Term Fortification
856 40 - ELECTRONIC LOCATION AND ACCESS
Uniform Resource Identifier http://site.ebrary.com/lib/rucke/Doc?id=10076814

No items available.

© 2026 Rongo University
Contact us: librarian | system librarian | Rongo university